000 00391nam a22001577a 4500
999 _c14404
_d14404
020 _a9380644906
022 _a978-9380644905
082 _a510BAR
100 _aBaruah S
245 _aBasic Mathematics and Its Application in Economics
260 _aNew Delhi
_bTrinity Press
_c2014
300 _a488
650 _aBusiness mathematics
650 _aEconomics, Mathematical
942 _cBK